Visualizzazione normale
Vista MARC
- GIALLO
di Topical Term
Records bibliografici associati: 2
001 - CONTROL NUMBER
- control field: 40122
003 - CONTROL NUMBER IDENTIFIER
- control field: IT-RoPau
005 - DATE AND TIME OF LATEST TRANSACTION
- control field: 20151126144103.0
008 - FIXED-LENGTH DATA ELEMENTS
- fixed length control field: 151126|| aca||aabn | a|a d
040 ## - CATALOGING SOURCE
- Original cataloging agency: IT-RoPau
- Transcribing agency: IT-RoPau
150 ## - HEADING--TOPICAL TERM
- Topical term or geographic name entry element: GIALLO
- : DVD-FILM [DVD]
- General subdivision: Codice MATERIA SPICS: 9947
670 ## - SOURCE DATA FOUND
- Source citation: Work cat.: (IT-RoPau)105214: Oldoini Enrico Codice regista SPICS: 3092 40120, DON MATTEO DON MATTEO (Rif. Codice opera principale : H5354)